[Event "Ambelokipi op 141st"]
[Site "Athens"]
[Date "2014.01.08"]
[Round "1"]
[White "Sarantakos, Sotirios"]
[Black "Ilandzis, Spyridon"]
[Result "0-1"]
[WhiteElo "1679"]
[BlackElo "2169"]
[PlyCount "122"]
[EventDate "2014.01.08"]
[EventType "swiss"]
[EventRounds "7"]
[EventCountry "GRE"]
[SourceTitle "EXT 2016"]
[Source "ChessBase"]
[SourceDate "2015.10.08"]
[SourceVersion "1"]
[SourceVersionDate "2015.10.08"]
[SourceQuality "1"]

1. d4 Nf6 2. c4 e5 3. d5 Bc5 4. e3 d6 5. Qc2 c6 6. Nc3 0-0 7. a3 a5 8. Bd3 Re8 9. Nge2 b5 10. dxc6 bxc4 11. Bxc4 Nxc6 12. Bb5 Bb7 13. Ng3 Rc8 14. 0-0 d5 15. Rd1 d4 16. Nce4 Bb6 17. Qb3 Nxe4 18. Nxe4 a4 19. Qxa4 Re6 20. Bd3 dxe3 21. Bxe3 Bxe3 22. fxe3 Qb6 23. Re1 Rd8 24. Qb5 Qxb5 25. Bxb5 Na7 26. Nc3 Nxb5 27. Nxb5 Rd2 28. e4 Rg6 29. g3 Rxb2 30. Rad1 h5 31. Nd6 h4 32. Nf5 Rg4 33. Rb1 Rxb1 34. Rxb1 Bxe4 35. Rb8+ Kh7 36. Nxh4 Bc6 37. Rb6 Rc4 38. Rb1 Rc2 39. Rf1 f6 40. Rf2 Rc1+ 41. Rf1 Rc3 42. Ra1 Rc2 43. a4 g5 44. Nf5 Rg2+ 45. Kf1 Rxh2 46. Ra3 Rd2 47. a5 Bb5+ 48. Kg1 Kg6 49. g4 Ba6 50. Ne7+ Kf7 51. Nc6 Ke6 52. Nb4 Bb7 53. a6 Rg2+ 54. Kf1 Rxg4 55. Ra4 Ba8 56. Ke2 Rd4 57. a7 Kf5 58. Ke3 g4 59. Kf2 Kg5 60. Kg3 Rd2 61. Na6 Rg2# 0-1

[Event "Ambelokipi op 096th"]
[Site "Athens"]
[Date "2009.05.09"]
[Round "1.5"]
[White "Ilandzis, Spyridon"]
[Black "Sarantakos, Sotirios"]
[Result "1-0"]
[WhiteElo "2218"]
[BlackElo "1768"]
[PlyCount "89"]
[EventDate "2009.05.11"]
[EventType "swiss"]
[EventRounds "5"]
[EventCountry "GRE"]
[SourceTitle "EXT 2024"]
[Source "ChessBase"]
[SourceDate "2023.10.10"]
[SourceVersion "1"]
[SourceVersionDate "2023.10.10"]
[SourceQuality "1"]

1. e4 c6 2. d4 d5 3. e5 Bf5 4. Nc3 e6 5. Bd3 Bxd3 6. Qxd3 Nd7 7. Nge2 c5 8. f4 Nh6 9. Bd2 Nf5 10. Nxd5 Nxe5 11. dxe5 Qxd5 12. Qb5+ Qd7 13. Qxd7+ Kxd7 14. 0-0-0 Kc7 15. g4 Nd4 16. Nxd4 cxd4 17. Be1 Bc5 18. Bf2 Rhd8 19. c3 Rd5 20. cxd4 Bb6 21. Rd3 Rad8 22. Rhd1 Kd7 23. R1d2 Ke7 24. Bh4+ f6 25. g5 Bxd4 26. gxf6+ Kf7 27. fxg7 Be3 28. Rxe3 Rxd2 29. Bxd8 Rxd8 30. Ra3 a6 31. Rb3 Rd7 32. Rb6 Re7 33. Kd2 Kxg7 34. Ke3 Kg6 35. Ke4 Kf7 36. f5 exf5+ 37. Kxf5 Kg7 38. e6 Rc7 39. b4 Re7 40. Rd6 Kf8 41. Rd8+ Re8 42. Rxe8+ Kxe8 43. Kf6 h5 44. h4 b5 45. e7 1-0